The hidden side of the moon : (Record no. 90200)

MARC details
000 -LEADER
fixed length control field 00582nam a22001817a 4500
005 - DATE AND TIME OF LATEST TRANSACTION
control field 20150901104602.0
010 ## - LCCN (DPL NO)
LC control number ENG-111311
020 ## - INTERNATIONAL STANDARD BOOK NUMBER
International Standard Book Number 9789383098576
Terms of availability 295.00
035 ## - SYSTEM CONTROL NUMBER
System control number EN-94843
037 ## - SOURCE OF ACQUISITION
Source of stock number/acquisition DBAD/PUB
082 ## - DEWEY DECIMAL CLASSIFICATION NUMBER
Classification number 915.4045
100 ## - MAIN ENTRY--PERSONAL NAME
Personal name Kampchen, Martin
245 ## - TITLE STATEMENT
Title The hidden side of the moon :
Statement of responsibility, etc by Martin Kampchen
Remainder of title musings of a life between India and Europe /
260 ## - PUBLICATION, DISTRIBUTION, ETC. (IMPRINT)
Place of publication, distribution, etc New Delhi
Name of publisher, distributor, etc Niyogi Books
Date of publication, distribution, etc 2014
270 ## - ADDRESS
Address D-78, Okhla Industrial Area, Phase-I
City New Delhi
Postal code 110020
300 ## - PHYSICAL DESCRIPTION
Extent 214p.
Dimensions 22cm(pbk)
942 ## - ADDED ENTRY ELEMENTS (KOHA)
Source of classification or shelving scheme Dewey Decimal Classification
Item type English Books
Call number suffix KAM
Classification part 915.4045
Holdings
Withdrawn status Lost status Not for loan Collection code Home library Current library Date acquired Source of acquisition Cost, normal purchase price Full call number Barcode Copy number Cost, replacement price Koha item type
    Not For Loan Fiction D.B.Act.Division D.B.Act.Division 21/11/2014 DBAD/PUB 295.00 915.4045 KAM EN-94843 1 295.00 English Books

© Delhi Public Library
Hit Counter
free hit counter